000 00210 a2200097 4500
001 13875
100 _aLivingstone R W
245 _aThe Pageant of Greece
260 _aLondon
_bOxford
_c
090 _c10845
_d10845
942 _aNUST-CAE
_cM
_c942
999 _c248948
_d248948